Państwa z broniami nuklearnymi - Statystyki

Ogólne statystyki
  • Ten quiz został rozwiązany 90 860 razy
  • Średni wynik to 8 z 10
Statystyki odpowiedzi
Status Kraj % Poprawnych
Potwierdzone Rosja
99%
Potwierdzone Stany Zjednoczone
99%
Potwierdzone Chiny
92%
Potwierdzone Korea Północna
87%
Potwierdzone Francja
86%
Potwierdzone Wielka Brytania
78%
Potwierdzone Indie
72%
Niepotwierdzone Izrael
57%
Potwierdzone Pakistan
52%
Dawniej Południowa Afryka
34%
Nie znaleziono quizów pasujących do podanych kryteriów
Rozkład punktacji
Procent ludzi z każdym wynikiem
Percentyl według liczby udzielonych odpowiedzi
Twoja historia wyników
Nie rozwiązałeś tego quizu